| 000 | 00742nam a22002057a 4500 | ||
|---|---|---|---|
| 999 |
_c179273 _d179273 |
||
| 005 | 20210604103029.0 | ||
| 010 | _aB-739976 | ||
| 020 |
_a9780670086573 _c1499.00 |
||
| 035 | _aB-739976 | ||
| 037 | _bGift | ||
| 082 | _a759.954 | ||
| 100 | _aGoswamy, B. N. | ||
| 245 |
_aThe spirit of Indian painting: _bclose encounters with 101 great works, 1100-1900 / _cby B.N. Goswamy |
||
| 260 |
_aGurgaon, Haryana _bPenguin Books _c2014 |
||
| 270 |
_a7th Floor, Infinity Tower C, DLF Cyber City _bGurgaon _e122002 |
||
| 300 |
_axii, 570p.: _bill. _c24cm(Hb) |
||
| 500 | _aincludes bibliographical references and index | ||
| 942 |
_2ddc _cEN _h759.954 _mGOS |
||